| 000 | 00679nam a22002417a 4500 | ||
|---|---|---|---|
| 003 | dpl | ||
| 005 | 20180721104958.0 | ||
| 008 | 0 | ||
| 010 | _aA-739282 | ||
| 020 | _c80.00 | ||
| 035 | _aA-739282, A-739283 | ||
| 037 | _bCen Lib/Ret | ||
| 040 |
_aDPL _bEN _c0 |
||
| 082 |
_a332.1 _bSOH |
||
| 100 |
_aSohal, N.P.S. _918284 |
||
| 245 |
_aPractice and law of banking-II / _cby N.P.S.Sohal |
||
| 260 |
_aNew Delhi _bM/s H.P.J.Kapoor _c1995 |
||
| 270 |
_bNew Delhi _a3081, Partap Street, Subhash Marg _e110002 |
||
| 300 |
_a263p. _c18cm(Hb) |
||
| 650 |
_aManagement of bank funds. _918285 |
||
| 650 |
_aBanking Law. _z _918286 |
||
| 942 |
_2ddc _cEN _h332.1 _mSOH |
||
| 999 |
_c126715 _d126715 |
||